Los valores de los mexicanos / (Record no. 67659)

MARC details
000 -LEADER
fixed length control field 00651cam a2200205 4500
008 - FIXED-LENGTH DATA ELEMENTS--GENERAL INFORMATION
fixed length control field 1993 spa
020 ## - INTERNATIONAL STANDARD BOOK NUMBER
International Standard Book Number 968-7009-32-6
050 #4 - LIBRARY OF CONGRESS CALL NUMBER
Classification number HN113
Item number A42 1993
100 1# - MAIN ENTRY--PERSONAL NAME
Personal name Alduncin Abitia, Enrique
245 #4 - TITLE STATEMENT
Title Los valores de los mexicanos /
Statement of responsibility, etc Enrique Alduncin Abitia.
260 ## - PUBLICATION, DISTRIBUTION, ETC. (IMPRINT)
Place of publication, distribution, etc México :
Name of publisher, distributor, etc Fomento Cultural Banamex,
Date of publication, distribution, etc 1993
300 ## - PHYSICAL DESCRIPTION
Extent v. ;
Dimensions 28 cm.
500 ## - GENERAL NOTE
General note 1 ejemplar
504 ## - BIBLIOGRAPHY, ETC. NOTE
Bibliography, etc Bibliografías: p. 183-184
505 ## - FORMATTED CONTENTS NOTE
Formatted contents note Contenido: v.3. En busca de una esenciaLa biblioteca tiene solamente el v.3
650 #4 - SUBJECT ADDED ENTRY--TOPICAL TERM
Topical term or geographic name as entry element Valores sociales
General subdivision México
942 ## - ADDED ENTRY ELEMENTS (KOHA)
Source of classification or shelving scheme Biblioteca del Cogreso de los Estados Unidos
Koha item type Libro
Holdings
Estado de pérdida Fuente de clasificación Estado del daño No para préstamo Ubicación permanente Ubicación actual Apartado o colección Fecha de adquisición Edición Dependencia de educación superior (DES) Área del conocimiento Clasificación Código de Barras Date last seen Número de copia Tipo de recurso
  Biblioteca del Cogreso de los Estados Unidos     Biblioteca del Instituto de Investigaciones Históricas Biblioteca del Instituto de Investigaciones Históricas General 03/09/2018 1a ed. Humanidades Ciencias Sociales y Administrativas HN113 A42 1993 T.III IIH000025591 03/09/2018 C:1 Libro